[Event "Bosnjaci op 13th"]
[Site "Bosnjaci"]
[Date "2008.01.04"]
[Round "2"]
[White "Stocko, Josip"]
[Black "Drenski, Mijo"]
[Result "1-0"]
[WhiteElo "2016"]
[BlackElo "1820"]
[PlyCount "61"]
[EventDate "2008.01.03"]
[EventType "swiss"]
[EventRounds "9"]
[EventCountry "CRO"]
[SourceTitle "CBM 122 Extra"]
[Source "ChessBase"]
[SourceDate "2008.03.04"]
[SourceVersion "1"]
[SourceVersionDate "2008.03.04"]
[SourceQuality "1"]

1. d4 d5 2. Nf3 Bf5 3. Bf4 e6 4. e3 Bd6 5. Bg5 Be7 6. Bxe7 Qxe7 7. a3 Nf6 8. c4 c6 9. Nc3 Nbd7 10. Be2 0-0 11. 0-0 Bg6 12. b4 Nb6 13. c5 Nbd7 14. a4 a6 15. Qb3 Rfb8 16. b5 axb5 17. axb5 Rxa1 18. Rxa1 cxb5 19. Nxb5 e5 20. Qb2 exd4 21. exd4 Re8 22. Nc3 Nb8 23. Ra7 Nc6 24. Rxb7 Qe6 25. Rb6 Qc8 26. Bb5 Qe6 27. Rxc6 Qg4 28. Ne5 Qh4 29. Rb6 Ng4 30. Nf3 Re1+ 31. Bf1 1-0